<?xml version="1.0" encoding="UTF-8"?>
<collection xmlns:xsi="http://www.w3.org/2001/XMLSchema-instance" xsi:schemaLocation="http://www.loc.gov/MARC21/slim http://www.loc.gov/standards/marcxml/schema/MARC21slim.xsd" xmlns="http://www.loc.gov/MARC21/slim">
 <record>
  <leader>00000nam a22000004a 4500</leader>
  <controlfield tag="001">UP-1686042739785066669</controlfield>
  <controlfield tag="003">Buklod</controlfield>
  <controlfield tag="005">20250114144815.0</controlfield>
  <controlfield tag="006">m    |o  d |      </controlfield>
  <controlfield tag="007">ta</controlfield>
  <controlfield tag="008">250114suuuu    ph    a r     000 u|eng d</controlfield>
  <datafield tag="040" ind1=" " ind2=" ">
   <subfield code="a">DCFA</subfield>
   <subfield code="e">rda</subfield>
  </datafield>
  <datafield tag="041" ind1=" " ind2=" ">
   <subfield code="a">eng</subfield>
  </datafield>
  <datafield tag="090" ind1="0" ind2="0">
   <subfield code="a">DS 689 </subfield>
   <subfield code="b">B16 C37</subfield>
  </datafield>
  <datafield tag="245" ind1="1" ind2="4">
   <subfield code="a">Las Casas Filipinas de Acuzar</subfield>
   <subfield code="b">the art of heritage hospitality</subfield>
   <subfield code="c">text by Carlomar Arcangel Daoana ; photography by Joey Radovan.</subfield>
  </datafield>
  <datafield tag="264" ind1=" " ind2="0">
   <subfield code="a">Philippines</subfield>
   <subfield code="b">[publisher not identified]</subfield>
   <subfield code="c">[date of publication not identified]</subfield>
  </datafield>
  <datafield tag="300" ind1=" " ind2=" ">
   <subfield code="a">142 pages</subfield>
   <subfield code="b">color illustrations</subfield>
   <subfield code="c">31 cm</subfield>
  </datafield>
  <datafield tag="336" ind1=" " ind2=" ">
   <subfield code="a">text</subfield>
   <subfield code="2">rdacontent</subfield>
  </datafield>
  <datafield tag="337" ind1=" " ind2=" ">
   <subfield code="a">unmediated</subfield>
   <subfield code="2">rdamedia</subfield>
  </datafield>
  <datafield tag="338" ind1=" " ind2=" ">
   <subfield code="a">volume</subfield>
   <subfield code="2">rdacarrier</subfield>
  </datafield>
  <datafield tag="520" ind1="2" ind2=" ">
   <subfield code="a">On a sprawl measuring 400 hectares, between the fragrant rice fields of Bagac, Bataan and the threshing waters of West Philippine Sea, lies las Casas Filipinas de Acuzar. Houses, dating from 18th to 19th centuries, constellate on this recreated village of cobblestone streets, small plazas and outdoor sculptures, breathing new life and presenting refurbished dignity. Relocated from their original sites, they look at once curiously alike and radically different: powerful testimonies of the past, they meet at and diverge from various visual and architectural points and by extension, with the way they once kept and maintained domestic histories and human lives within their walls. </subfield>
  </datafield>
  <datafield tag="591" ind1=" " ind2=" ">
   <subfield code="a">FA-3576g donated by Sir Jose Ardivilla</subfield>
  </datafield>
  <datafield tag="650" ind1=" " ind2="0">
   <subfield code="a">Las Casas Filipinas de Acuzar.</subfield>
  </datafield>
  <datafield tag="650" ind1=" " ind2="0">
   <subfield code="a">Historic buildings</subfield>
   <subfield code="x">Philippines</subfield>
   <subfield code="v">Bagac.</subfield>
  </datafield>
  <datafield tag="650" ind1=" " ind2="0">
   <subfield code="a">Architecture, Colonial</subfield>
   <subfield code="x">Philippines</subfield>
   <subfield code="v">Bagac.</subfield>
  </datafield>
  <datafield tag="650" ind1=" " ind2="0">
   <subfield code="a">Bagac (Philippines)</subfield>
   <subfield code="x">Buildings, structures, etc.</subfield>
  </datafield>
  <datafield tag="700" ind1="1" ind2=" ">
   <subfield code="a">Daoana, Carlomar Arcangel</subfield>
   <subfield code="e">writer.</subfield>
  </datafield>
  <datafield tag="700" ind1="1" ind2=" ">
   <subfield code="a">Radovan, Joey</subfield>
   <subfield code="e">photographer.</subfield>
  </datafield>
  <datafield tag="905" ind1=" " ind2=" ">
   <subfield code="a">FI</subfield>
  </datafield>
  <datafield tag="852" ind1="0" ind2=" ">
   <subfield code="a">UPD</subfield>
   <subfield code="b">DCFA</subfield>
   <subfield code="h">DS 689</subfield>
   <subfield code="i">B16 C37</subfield>
  </datafield>
  <datafield tag="942" ind1=" " ind2=" ">
   <subfield code="a">Book</subfield>
  </datafield>
 </record>
</collection>
